Entry Personal Name
Number of records used in: 1
001 - CONTROL NUMBER
003 - CONTROL NUMBER IDENTIFIER
005 - DATE AND TIME OF LATEST TRANSACTION
- control field:
20200130143233.0
008 - FIXED-LENGTH DATA ELEMENTS
- fixed length control field:
990701n| acannaabn |n aaa |||
010 ## - LIBRARY OF CONGRESS CONTROL NUMBER
- LC control number:
n 99048507
040 ## - CATALOGING SOURCE
- Original cataloging agency:
DLC
- Language of cataloging:
eng
- Transcribing agency:
DLC
100 1# - HEADING--PERSONAL NAME
- Personal name:
Gehrke, Johannes
670 ## - SOURCE DATA FOUND
- Source citation:
Database management systems, 2000:
- Information found:
CIP t.p. (Johannes Gehrke, Univ. of Wis., Madison)